=LDR 00000nam 2200000 4500 =001 INLIS000000000016929 =005 20130612112140 =008 ***********************************Ind** =035 ##$$0010-061300000016929 =041 ##$$a Ind =082 ##$$a 028.55 =090 ##$$a 028.55, Sol m =100 ##$$a Soleh, Sari Pusparini =245 ##$$a Megawati Sukarnoputri, mengarungi badai menuju istana, Sari Pusparini =260 ##$$a 2002 $b Bandung =300 ##$$a 65 hlm, ilus, 29 cm =650 ##$$a Bacaan anak-anak =850 ##$$a NBPNMAT